| 000 | 00443nam a22001697a 4500 | ||
|---|---|---|---|
| 003 | NUST - PNEC | ||
| 005 | 20170116181007.0 | ||
| 008 | 150912b xxu||||| |||| 00| 0 eng d | ||
| 020 | _a0914894501 | ||
| 040 | _cLIBRARY | ||
| 082 | _a621.3819582 FRI | ||
| 100 |
_99871 _aFriedman, Arthur D |
||
| 245 |
_aLogical design of digital systems _cArthur D Friedman |
||
| 260 | _cc.1975 | ||
| 650 |
_99874 _aDigital systems _xMIS |
||
| 942 |
_2ddc _cBK |
||
| 999 |
_c66919 _d66919 |
||